000 01253cam a22002533a 4500
001 8681
003 PGUSA
005 20140828083203.0
008 041114s2004||||xxu|||||s|||||000 1 eng d
040 _aPGUSA
_beng
042 _adc
050 4 _aPR
100 1 _aBarr, Robert,
_d1850-1912
245 1 4 _aThe Face and the Mask
_h[electronic resource] /
_cRobert Barr
260 _bProject Gutenberg,
_c2004
505 0 _aThe woman of stone -- The chemistry of anarchy -- The fear of it -- The metamorphoses of Johnson -- The reclamation of Joe Hollends -- The type-written letter -- The doom of London -- The predicament of De Plonville -- A new explosive -- The great Pegram mystery -- Death cometh soon or late -- High stakes -- "Where ignorance is bliss" -- The departure of Cub McLean -- Old number eighty-six -- Playing with marked cards -- The bruiser's courtship -- The raid on Mellish -- Striking back -- Crandall's choice -- The failure of Bradley -- Ringamy's convert -- A slippery customer -- The sixth bench.
506 _aPublic domain in the USA.
516 _aElectronic text
653 _aFiction
653 _aShort stories
830 0 _aProject Gutenberg
_v8681
856 4 0 _uhttp://www.gutenberg.org/ebooks/8681
942 _cEB
999 _c237981
_d237981